| 000 | 004170000a22001690004500 | ||
|---|---|---|---|
| 003 | MACL | ||
| 005 | 20160102171401.0 | ||
| 008 | 160102b xxu||||| |||| 00| 0 eng d | ||
| 040 |
_aMACL _cMACL |
||
| 041 | _aEnglish | ||
| 082 | _a551.4/GUY | ||
| 100 |
_aGuyot, Arnold _927424 |
||
| 245 | _aThe Earth & Man | ||
| 260 |
_bChatto & Windus _c1875 _aLondon |
||
| 650 |
_aEarth Science _95772 |
||
| 942 |
_cBK _k551.4/GUY _2ddc |
||
| 999 |
_c36970 _d36970 |
||